Statistics for Notable Person by City #3

Click here to take the quiz!

General Stats

  • This quiz has been taken 96 times
  • The average score is 12 of 24

Answer Stats

CityProfessionLifespanFamous Person% Correct
Genoaexplorer, navigator1451 - 1506Christopher Columbus
88%
Louisvilleboxer1942 - 2016Muhammad Ali
84%
Hamburgchancellor1954 -Angela Merkel
83%
Málagapainter, sculptor1881 - 1973Pablo Picasso
77%
Viennaqueen of France1755 - 1793Marie Antoinette
74%
Belgradetennis player1987 -Novak Djokovic
74%
Beijingchairman, president1953 -Xi Jinping
73%
Santa Barbarasinger (I Kissed a Girl)1984 -Katy Perry
69%
Adelaidesinger (Chandelier)1975 -Sia
64%
Praguenovelist, short-story writer1883 - 1924Franz Kafka
48%
Izmirepic poetc. 8th century BCHomer
45%
Minneapolissinger-songwriter1958 - 2016Prince
45%
Abidjanfootballer1978 -Didier Drogba
44%
Omahaactor (A Streetcar Named Desire)1924 - 2004Marlon Brando
44%
Valparaísogeneral, dictator1915 - 2006Augusto Pinochet
43%
Stockholmactress1915 - 1982Ingrid Bergman
42%
CalgaryU.S. senator (Texas)1970 -Ted Cruz
41%
Baselmathematician (e)1707 - 1783Leonhard Euler
33%
Colón, PanamaU.S. presidential candidate1936 - 2018John McCain
30%
KaliningradPrussian philosopher, thinker1724 - 1804Immanuel Kant
28%
OranFrench fashion designer1936 - 2008Yves Saint-Laurent
25%
Copenhagenpoet, philosopher1813 - 1855Søren Kierkegaard
24%
Singaporestatesman, prime minister1923 - 2015Lee Kuan Yew
20%
Patnaemperor304 BC - 232 BCAshoka the Great
11%

Score Distribution

Percentile by Number Answered

Percent of People with Each Score

Your Score History

You have not taken this quiz